Southville International School and Colleges
Your cart is empty.
  • Cart
  • Lists
    Public lists list_1 View all
    Your lists Log in to create your own lists
  • Log in to your account
  • Your cookies
  • Search history
Southville International School and Colleges
  • Advanced search
  • Recent comments
  • Most popular
  • Libraries

Log in to your account

Log in with GOOGLE


If you do not have an external account, but do have a local account, you can still log in:

  1. Home
  2. MARC view: The queen's demise :
Normal view MARC view ISBD view

The queen's demise : (Record no. 366664)

[ view plain ]
MARC details
000 -LEADER
fixed length control field 00847nam a22002177a 4500
003 - CONTROL NUMBER IDENTIFIER
control field 0
005 - DATE AND TIME OF LATEST TRANSACTION
control field 20250113160922.0
008 - FIXED-LENGTH DATA ELEMENTS--GENERAL INFORMATION
fixed length control field 241108b xxu||||| |||| 00| 0 eng d
050 ## - LIBRARY OF CONGRESS CALL NUMBER
Classification number PHS DS 686.5
Item number .T583 2024
100 ## - MAIN ENTRY--PERSONAL NAME
Personal name Timbol, Mika Samantha Marie R.,
Relator term author.
245 ## - TITLE STATEMENT
Title The queen's demise :
Remainder of title the historical shift of Escolta to eskinita /
Statement of responsibility, etc Mika Samantha Marie R. Timbol.
260 ## - PUBLICATION, DISTRIBUTION, ETC. (IMPRINT)
Place of publication, distribution, etc Las Piñas :
Name of publisher, distributor, etc Southville International School and Colleges,
Date of publication, distribution, etc 2024.
300 ## - PHYSICAL DESCRIPTION
Extent iv, 79 p. :
Other physical details col. ill. ;
Dimensions 30 cm.
504 ## - BIBLIOGRAPHY, ETC. NOTE
Bibliography, etc Includes bibliographical references.
650 ## - SUBJECT ADDED ENTRY--TOPICAL TERM
Geographic subdivision Escolta (Manila, Philippines)
Topical term or geographic name as entry element History
650 ## - SUBJECT ADDED ENTRY--TOPICAL TERM
Geographic subdivision Eskinita (Manila, Philippines)
Topical term or geographic name as entry element History
650 ## - SUBJECT ADDED ENTRY--TOPICAL TERM
Topical term or geographic name as entry element Urban Renewal
Geographic subdivision Manila (Philippines)
650 ## - SUBJECT ADDED ENTRY--TOPICAL TERM
Topical term or geographic name as entry element Economic change
Geographic subdivision Manila (Philippines)
650 ## - SUBJECT ADDED ENTRY--TOPICAL TERM
Topical term or geographic name as entry element Social change
Geographic subdivision Manila (Philippines)
942 ## - ADDED ENTRY ELEMENTS (KOHA)
Source of classification or shelving scheme Library of Congress Classification
Koha item type PASS
Holdings
Withdrawn status Lost status Source of classification or shelving scheme Damaged status Home library Current library Shelving location Date acquired Source of acquisition Total Checkouts Full call number Barcode Date last seen Price effective from Koha item type
    Library of Congress Classification   Luxembourg Library Luxembourg Library Portfolio Assessment of SISC Students Section 06/07/2024 Donation   PHS DS 686.5 .T583 2024 P3599 11/08/2024 11/08/2024 PASS

The queen's demise :

APA

Timbol M. S. M. R., . (2024). The queen's demise. Las Piñas: Southville International School and Colleges.

Chicago

Timbol Mika Samantha Marie R, . 2024. The queen's demise. Las Piñas: Southville International School and Colleges.

Harvard

Timbol M. S. M. R., . (2024). The queen's demise. Las Piñas: Southville International School and Colleges.

MLA

Timbol Mika Samantha Marie R, . The queen's demise. Las Piñas: Southville International School and Colleges. 2024.

  • Print
  • Cite
  • Add to your cart (remove)
  • Save record
    BIBTEX Dublin Core MARCXML MARC (non-Unicode/MARC-8) MARC (Unicode/UTF-8) MARC (Unicode/UTF-8, Standard) MODS (XML) RIS
  • More searches
    Search for this title in:
    Other Libraries (WorldCat) Other Databases (Google Scholar) Online Stores (Bookfinder.com) Open Library (openlibrary.org)

Exporting to Dublin Core...

SOUTHVILLE LIBRARY

Southville International School and Colleges Library

1281 Tropical Ave. Cor. Luxembourg St., BF Homes International, Las Pinas City

Tel. No. 8256374 / 252358 Loc. 117/146

Powered by Koha